000 00361 a2200109 4500
001 ART_28323
005 20260410161951.0
008 260409a
245 1 0 _aEl fideicomiso de garantía en el Codigo Civil y comercial
100 1 _aBarreira Delfino, Eduardo A.
773 0 _tTemas de derecho comercial
_g- Año 1, Nº 3 (mar. 2015)
_wREV28151
999 _c30399
_d30399